| 000 | 00498nam a2200169Ia 4500 | ||
|---|---|---|---|
| 999 |
_c37248 _d37248 |
||
| 003 | OSt | ||
| 005 | 20201113160829.0 | ||
| 008 | 190216s9999||||xx |||||||||||||| ||und|| | ||
| 020 | _a9780521682142 | ||
| 040 | _coclc | ||
| 082 |
_a428.0076 _bJAK/C |
||
| 100 |
_aJakeman, Vanessa _96481 |
||
| 245 | 0 |
_aCambridge IELTS / _cVanessa Jakeman ; Clare McDowell |
|
| 260 |
_bCambridge Uty Press, _c2005. _aUK: |
||
| 300 | _a156p | ||
| 942 |
_cBK _2ddc _h428.0076 _iJAK/C _k428.0076 _mJAK/C |
||